000 00463nam a2200145 a 4500
001 000028271
005 20240320074002.0
008 110407s1989 dr 000 0 spa d
040 _aDO-SdBNP
_bspa
_cBNPHU
245 0 3 _aEl Obispo su vida y su misión. /
_cedición Rafael Bello Peguero.
260 _aSanto Domingo, :
_bArzobispado de Santo Domingo,
_c1989.
300 _a44 p. ;
_c20 cm.
700 1 _aBello Peguero, Rafael,
_d1932-2022
_eed.
_92405
049 _aBNPD
999 _c27763
_d27763